header

Blueprint for your library marketing plan (Record no. 114051)

MARC details
000 -LEADER
fixed length control field 01512nam a2200361 a 4500
082 04 - DEWEY DECIMAL CLASSIFICATION NUMBER
Classification number 021.7
100 1# - MAIN ENTRY--AUTHOR NAME
Personal name Fisher, Patricia H.
245 10 - TITLE STATEMENT
Title Blueprint for your library marketing plan
260 ## - PUBLICATION, DISTRIBUTION, ETC. (IMPRINT)
Place of publication Chicago :
Name of publisher American Library Association,
Year of publication 2006.
300 ## - PHYSICAL DESCRIPTION
Number of Pages xi, 135 p.
650 #0 - SUBJECT ADDED ENTRY--TOPICAL TERM
Topical Term Libraries
Topical Term Libraries
Topical Term Library planning
Topical Term Strategic planning
700 1# - ADDED ENTRY--PERSONAL NAME
Personal name Pride, Marseille M.
Personal name Miller, Ellen G.
856 40 - ELECTRONIC LOCATION AND ACCESS
Uniform Resource Identifier http://site.ebrary.com/lib/rucke/Doc?id=10194664

No items available.

© 2026 Rongo University
Contact us: librarian | system librarian | Rongo university